02765nab a2200217uuc45000010008000000030004000080050017000120080041000290350012000700400013000820410008000951000060001032450048001635201997002116500083022086500036022916500049023277730137023769420015025139990019025281470076OSt20240614092817.0170731e20150905 spa  a1470076 ccomduadb aspa10aGonzález Consuegra, Renata Virginia4auteaut948754310aEnfermería UN: a un lustro del centenario3 aINTRODUCCIÓN: El 22 de septiembre de 1867, mediante la Ley 66, fue oficialmente fundada la Universidad Nacional de los Estados Unidos de Colombia. Ésta constaba de seis facultades: Derecho, Medicina, Ciencias Naturales, Ingeniería, Artes y Oficios, Literatura y Filosofía. Entre 1903 y 1940 se crearon más de 20 carreras, entre ellas Arquitectura, Enfermería, Farmacia, Ingeniería Química, Medicina Veterinaria, Odontología y Química. Los orígenes del Programa de Enfermería en la Universidad Nacional se remontan a 1897, cuando el Consejo Directivo propone realizar un curso para enfermeras manifestando la necesidad de la formación, el cual no tuvo éxito. Posteriormente, el 22 de octubre de 1920, se promulgó la Ley 39, que estableció la formación de Enfermeras y Comadronas en la Universidad Nacional de Colombia. La conmemoración del centenario de este acontecimiento se acerca... Como pionero en la construcción de la disciplina en el país, el Programa de Enfermería de la Universidad Nacional de Colombia ha suscitado retos acordes al momento histórico por el que ha atravesado. Prueba de esto es la formación de enfermeras en salud pública en el año de 1930 ante la sentida necesidad por el auge de enfermedades infectocontagiosas que aquejaban a la población. Su historia ha tenido hechos importantes, como la creación de la Escuela Nacional de Enfermeras en 1943, en la cual se toma como premisa la importancia de la docencia y de la investigación. Bajo la Dirección de Helen Howitt y posteriormente de Helen Murphy, la formación impartida en la Escuela tenía influencias heredadas de Canadá y Estados Unidos, marcadas por el origen de Helen Howitt, así como de las organizaciones sanitarias, como el Servicio Cooperativo Interamericano (SCI), la Organización Panamericana de la Salud (OPS), la Fundación Rockefeller (FR) y la Universidad Católica de América (UCW), todas ellas de procedencia norteamericana. aUniversidad Nacional de Colombia (Sede Bogota). Facultad de Enfermeria9168293 aFacultades de Enfermeria950577 aHistoria de la enfermeria - Colombia91682950 tAvances en Enfermería (Bogotá)gVolumen 33, Número 03, Septiembre-Diciembre 2015, páginas 420-427w322009x0121-45000103386 cARIMP2ddc c760705d760705